Obálka Náhled e-knihy:
PDF Epub
Pro půjčování e-knih musíte být přihlášeni.
Jak si půjčit online?

Pozvání k Večeři Páně /

Pastorační a praktické pohledy na liturgii Večeře Páně. Podstata slavení a prožitku eucharistie.

Uloženo v:
Hlavní autor: Vacek, Václav, 1946- (Autor)
Médium: E-kniha
Jazyk:Czech
Vydáno: V Praze : Vyšehrad, 2025
Vydání:Vydání třetí
Edice:Teologie (Vyšehrad)
Témata:
Tagy:
Žádné tagy
LEADER 03119nam a2200673 i 4500
001 312798
003 CZ PrSKC
005 20260601215729.0
007 ta
008 250822s2025 xr g f 000 0 cze
015 |a cnb003705267 
020 |a 9788026732129  |q (vázáno) 
035 |a (OCoLC)1559933211 
040 |a OLA001  |b cze  |e rda 
072 7 |a 27-5  |x Liturgie. Křesťanské umění a symbolika. Duchovní život  |2 Konspekt 
080 |a 27-549-284  |2 MRF 
080 |a 272-549  |2 MRF 
080 |a 27-72-144  |2 MRF 
080 |a 272-528  |2 MRF 
080 |a 272-1/-9  |2 MRF 
080 |a 272-528.8  |2 MRF 
080 |a 2-474-256-277  |2 MRF 
080 |a 2-231  |2 MRF 
080 |a (0.062)  |2 MRF 
100 1 |a Vacek, Václav,  |d 1946-  |7 xx0076954  |4 aut 
245 1 0 |a Pozvání k Večeři Páně /  |c Václav Vacek 
250 |a Vydání třetí 
264 1 |a V Praze :  |b Vyšehrad,  |c 2025 
300 |a 244 stran ;  |c 22 cm 
336 |a text  |b txt  |2 rdacontent 
337 |a bez média  |b n  |2 rdamedia 
338 |a svazek  |b nc  |2 rdacarrier 
490 1 |a Teologie 
520 2 |a Pastorační a praktické pohledy na liturgii Večeře Páně. Podstata slavení a prožitku eucharistie.  |b Autor v této knížce vysvětluje co znamená žít v duchu obnovené mešní liturgie po reformě Druhého vatikánského koncilu. Slavení eucharistie je památkou, která zpřítomňuje Krista uprostřed jeho věřících a je základem existence i činnosti katolické církve. Kniha popisuje uspořádání bohoslužby a jednotlivé formy, úkony, významy a symboly, které jsou do ní vloženy. Objasňuje, co je Večeře Páně, jaký má význam a zejména, jakou důležitost má pro křesťana. 
650 0 7 |a Večeře Páně  |7 ph116945  |2 czenas 
650 0 7 |a eucharistie  |7 ph120027  |2 czenas 
650 0 7 |a comunio  |7 ph285151  |2 czenas 
650 0 7 |a katolická liturgie  |7 ph121529  |2 czenas 
650 0 7 |a učení katolické církve  |7 ph135482  |2 czenas 
650 0 7 |a římskokatolické bohoslužby  |7 ph116904  |2 czenas 
650 0 7 |a biblická interpretace  |7 ph118847  |2 czenas 
650 0 7 |a biblické citáty  |7 ph118853  |2 czenas 
650 0 9 |a Lord's Supper  |2 eczenas 
650 0 9 |a Eucharist  |2 eczenas 
650 0 9 |a communion  |2 eczenas 
650 0 9 |a Catholic liturgy  |2 eczenas 
650 0 9 |a Catholic doctrine  |2 eczenas 
650 0 9 |a Roman Catholic worships  |2 eczenas 
650 0 9 |a Biblical interpretation  |2 eczenas 
650 0 9 |a Biblical quotations  |2 eczenas 
655 7 |a populárně-naučné publikace  |7 fd131864  |2 czenas 
655 9 |a popular works  |2 eczenas 
830 0 |a Teologie (Vyšehrad) 
900 |a ABA001  |b 19 
928 9 |a Albatros Media - Vyšehrad 
044 |a xr 
910 |a RBIT002 
998 |d 422064  |a https://core.palmknihy.cz/api/books/422064/cover?t1p0j9  |b https://core.palmknihy.cz/api/books/422064/cover/400?t1p0j9  |c https://core.palmknihy.cz/api/books/422064/cover/50?t1p0j9  |e 2035-12-31  |g 248  |i 9788026732129  |j https://core.palmknihy.cz/api/books/422064/preview.epub  |k https://core.palmknihy.cz/api/books/422064/preview.pdf  |l   |q 49  |r 1  |s https://www.palmknihy.cz/kniha/422064  |t ebook  |y 2025  |z 0 
999 |d 312796